Pokémon - Les attaques de Yanmega - Statistiques

Statistiques générales
  • Ce quiz a été pris 25 fois
  • Le résultat moyen est 10 sur 18
Statistiques - réponses
Niveaux Types Noms des attaques % Correct
Départ Normal Charge
100%
Départ Niveau 57 Insecte Bourdon
92%
Niveau 33 Roche Pouvoir Antique
92%
Niveau 17 Combat Détection
85%
Départ Niveau 54 Vol Lame d'Air
77%
Départ Insecte Piqûre
69%
Niveau 46 Normal Grincement
62%
Niveau 14 Normal Sonicboom
54%
Niveau 43 Normal Tranche
54%
Départ Niveau 6 Normal Vive-Attaque
54%
Départ Niveau 11 Normal Reflet
46%
Niveau 49 Insecte Demi-Tour
38%
Départ Ténèbres Tranche-Nuit
38%
Niveau 27 Normal Brouhaha
31%
Niveau 30 Ténèbres Poursuite
31%
Niveau 22 Normal Ultrason
31%
Départ Normal Clairvoyance
23%
Niveau 38 Normal Ruse
8%
Aucun quiz correspondant
Distribution des résultats
% des personnes avec chaque résultat
Percentile par nombre de réponses
Votre historique - résultats
Vous n’avez pas pris ce quiz